000 01979cam a22003494a 4500
001 16717217
003 OSt
005 20180116183105.0
008 110401s2012 njua b 001 0 eng
010 _a 2011013547
020 _a9780132153355
020 _a0132153351
040 _aDLC
_cDLC
_dDLC
042 _apcc
050 0 0 _aHD30.28
_b.W433 2012
082 0 0 _a658.4012
_222
100 1 _aWheelen, Thomas L.
245 1 0 _aConcepts in strategic management and business policy.
_btoward global sustainability .
_cThomas L. Wheelen, J. David Hunger.
250 _a14th ed.
260 _aUpper Saddle, N.J. :
_bPearson Prentice Hall,
_c2016.
300 _axxiv, 391 p. :
_bcol. ill. ;
_c26 cm.
500 _aPaper Cover
504 _aIncludes bibliographical references and index.
505 0 _aIntroduction to strategic management and business policy -- Basic concepts in strategic management -- Corporate governance -- Ethics and social responsibility -- Scanning the environment -- Environmental scanning and industry analysis -- Internal scanning and organizational analysis -- Strategy formulation -- Situation analysis and business strategy -- Corporate strategy -- Functional strategy and strategic choice -- Strategy implementation -- Organizing for action -- Staffing and directing -- Evaluation and control -- Introduction to case analysis -- Suggestions for case analysis -- Web chapters: other strategic issues -- Web chapter A Managing technology and innovation -- Web chapter B Entrepreneurial ventures and small businesses -- Web chapter C Not-for-profit organizations.
650 0 _aStrategic planning.
650 0 _aStrategic planning
_vCase studies.
650 0 _aSustainability.
700 1 _aHunger, J. David,
_d1941-
906 _a7
_bcbc
_corignew
_d1
_eecip
_f20
_gy-gencatlg
942 _2ddc
_cBK
_k658.4012
999 _c352009
_d352009